| 000 | 00749cam a22002053a 4500 | ||
|---|---|---|---|
| 001 | 45054 | ||
| 003 | PGUSA | ||
| 005 | 20140828084029.0 | ||
| 008 | 140303s2014||||xxu|||||s|||||000 | eng d | ||
| 040 |
_aPGUSA _beng |
||
| 042 | _adc | ||
| 100 | 1 | _aSmith, Joseph Fielding | |
| 245 | 1 | 0 |
_aEssentials in Church History : _bA History of the Church from the Birth of Joseph Smith to the Present Time (1922), with Introductory Chapters on the Antiquity of the Gospel and the "Falling Away" _h[electronic resource] / _cJoseph Fielding Smith |
| 260 |
_bProject Gutenberg, _c2014 |
||
| 506 | _aPublic domain in the USA. | ||
| 516 | _aElectronic text | ||
| 830 | 0 |
_aProject Gutenberg _v45054 |
|
| 856 | 4 | 0 | _uhttp://www.gutenberg.org/ebooks/45054 |
| 942 | _cEB | ||
| 999 |
_c274305 _d274305 |
||